000
00310nam a2200109Ia 4500
008
200302s9999 xx 000 0 und d
100
_a
Kisho Kurokawa
245
_a
Intercultural Architecture the Philosophy of Symbiosis
260
_b
The American Institute of Architects Press
260
_c
1991
300
_a
208 P.,
999
_c
901
_d
901